|
|
|
|
| LEADER |
00000cam a2200000 7i4500 |
| 001 |
0000003368 |
| 005 |
20050824.0 |
| 020 |
0 |
0 |
|a 9837200753
|
| 090 |
0 |
0 |
|a 658.40019
|b BAT
|
| 100 |
1 |
0 |
|a Batra, Promod
|
| 245 |
1 |
0 |
|a Brainstorming for creativity and innovation
|c Promod Batra, Susan Brady Maitra & Vijay Batra
|
| 260 |
0 |
0 |
|a Petaling Jaya :
|b Golden Books Centre ,
|c 2002
|
| 300 |
|
|
|a 327p. :
|b ill. ;
|c 21cm.
|
| 650 |
0 |
0 |
|a Brainstorming
|
| 650 |
0 |
0 |
|a Creative thinking
|
| 650 |
0 |
0 |
|a Group problem solving
|
| 700 |
1 |
1 |
|a Batra, Vijay
|
| 700 |
1 |
1 |
|a Maitra, Susan Brady
|
| 999 |
|
|
|a 0000006307
|b Monograph
|c Open Shelf
|e Default branch
|